| 000 | 00459nam a22001457a 4500 | ||
|---|---|---|---|
| 003 | macl | ||
| 005 | 20180919135933.0 | ||
| 008 | 180919b xxu||||| |||| 00| 0 eng d | ||
| 040 | _cmacl | ||
| 100 |
_aदेवदत्त पटनायक _972883 |
||
| 245 | _aजय महाभारत का सचित्र | ||
| 260 |
_aदिल्ली _bपेगुइन बुक्स _c2015 |
||
| 650 |
_aधर्म _972884 |
||
| 942 |
_2ddc _cHIN |
||
| 999 |
_c58312 _d58312 |
||